000
00168nam a22000857a 4500
082
_a
823
100
_a
FLAINE RAPHAEL
245
_a
2050VOYAGE OF THE STARSEEKER
942
_c
BK
999
_c
8203
_d
8203